02002nam a2200505 a 450000500170000000800410001702000150005804100080007324500720008125000110015326000380016430000110020250001050021365300450031865300260036365300180038965300600040765300630046765300730053065300260060365300960062965300470072565300990077265300380087165300270090965300160093665300560095265300210100865300250102965300230105465300260107765300540110365300510115765300200120865300150122865300240124365300280126765300470129565300220134265300280136470000270139270000280141970000270144770000220147420240506100317.0100518s1998||||ck d f |||| 001 0 spa d a9589400051 aspa aFundamentos de Medicina. bHematología / cJorge Restrepo Molina a5a ed. aMedellin [Colombia]:bCIB;c1998. a306 p. aRestrepo Molina, J. et al. (2001). Fundamentos de medicina. Hematología. (5a ed.). Colombia : CIB. aConcepto, función y origen del eritron aDeficiencia de hierro 4aLas porfirias aAnemias megaloblásticas y deficiencia de vitamina B12 aAnemias megalobásticas por deficiencia de acido fólico aAnemia plástica -insuficiencia de la médula ósea- pancitopenia aAnemias hemotilicas I aAnemias hemotilicas II: hereditarias por defecto de membrana y anormalidad de la glicolisis aAnemias III: trastornos hemoglobinopaticos aAnemias hemoliticas IV: las talasemias y eritropoyesis inefectiva y anemias diseritropoyeticas aAnemias hemoliticas V: adquiridas aOtros tipos de anemias aPolicitemia aLeucograma: mielofibrosis, mononucleosis infecciosa aLeucemias agudas aLeucemias crónicas aLinfoma no Hodgkin aEnfermedad de Hodgkin aDesordenes neoplasicos de las celulas plasmaticas aEnfermedades del bazo, histiocitosis y lipidos aMielodisplasias aHemostasia aPurpuras vasculares aTrastornos plaquetarios aEstados de hipercoagulabilidad y trombosis aGrupos sanguineos aTransfusión sanguinea1 aCuellar A., Francisco 1 aFalabella F., Francisco1 aRestrepo Molina, Jorge1 aVelez A. Hernán